| 000 | 00429nam a22001697a 4500 | ||
|---|---|---|---|
| 005 | 20230609124811.0 | ||
| 008 | 230605b |||||||| |||| 00| 0 eng d | ||
| 020 | _a9788131711255 | ||
| 082 |
_a621.3824 _bFUS-F |
||
| 100 | _aFusco,F Vincent. | ||
| 245 | _aFoundations of Antenna Theory and Techniques | ||
| 260 |
_aIndia _bpearson _c2007 |
||
| 300 | _a246 | ||
| 650 | _aEngineering | ||
| 700 | _aVincent F.Fusco | ||
| 999 |
_c18589 _d18589 |
||